| 000 | 00625nam a22001577a 4500 | ||
|---|---|---|---|
| 003 | OSt | ||
| 005 | 20151002100733.0 | ||
| 008 | 151002b xxu||||| |||| 00| 0 eng d | ||
| 040 | _cRUA | ||
| 082 | _aAVM ឡុង 1989 B065 Or.1 | ||
| 100 |
_91724 _aឡុង គៀនផេង |
||
| 245 | _aជំងឺរលាកក្រពះពោះវៀននៃកូនជ្រូកនិងការព្យាបាលដោយហ្សង់តាមីស៊ីន នៅក្នុងមណ្គលចិញ្ចឹមសត្វ | ||
| 260 |
_aPhnom Penn _bRUA _c1989 |
||
| 300 |
_a80p. _bill. _c29cm. |
||
| 942 |
_2ddc _cAVM |
||
| 999 |
_c1627 _d1627 |
||